000 00650nam a22001937a 4500
005 20240229100937.0
008 240228b2011 |||||||| |||| 00| 0 eng d
082 _a305.4
_bMUS
110 _aMusawah
245 _aCEDAW and Muslim family laws:
_bin search of common ground
260 _aSelangor:
_bMusawah,
_c2011
300 _a88 p.
_bBibliography & glossary included
650 _aMUSLIM FAMILY LAWS-Women
650 _aCEDAW Convention
650 _aProperty Law and Housing Rights
650 _aSocial and Economic Rights
856 _uhttps://www.peacewomen.org/sites/default/files/wps_cedawandmuslimfamilylaws_march2011_0.pdf
942 _cRP
999 _c4824
_d4824